<?xml version="1.0" encoding="UTF-8"?><?xml-stylesheet type="text/xsl" href="static/style.xsl"?><OAI-PMH xmlns="http://www.openarchives.org/OAI/2.0/" xmlns:xsi="http://www.w3.org/2001/XMLSchema-instance" xsi:schemaLocation="http://www.openarchives.org/OAI/2.0/ http://www.openarchives.org/OAI/2.0/OAI-PMH.xsd"><responseDate>2026-06-01T23:36:48Z</responseDate><request verb="GetRecord" identifier="oai:riuma.uma.es:10630/37376" metadataPrefix="marc">https://riuma.uma.es/rest/oai/request</request><GetRecord><record><header><identifier>oai:riuma.uma.es:10630/37376</identifier><datestamp>2026-02-03T11:39:52Z</datestamp><setSpec>com_10630_2254</setSpec><setSpec>col_10630_37956</setSpec></header><metadata><record xmlns="http://www.loc.gov/MARC21/slim" xmlns:dcterms="http://purl.org/dc/terms/" xmlns:doc="http://www.lyncode.com/xoai" xmlns:xsi="http://www.w3.org/2001/XMLSchema-instance" xsi:schemaLocation="http://www.loc.gov/MARC21/slim http://www.loc.gov/standards/marcxml/schema/MARC21slim.xsd">
   <leader>00925njm 22002777a 4500</leader>
   <datafield ind2=" " ind1=" " tag="042">
      <subfield code="a">dc</subfield>
   </datafield>
   <datafield ind2=" " ind1=" " tag="720">
      <subfield code="a">Ramírez-Navarro, José Manuel</subfield>
      <subfield code="e">author</subfield>
   </datafield>
   <datafield ind2=" " ind1=" " tag="720">
      <subfield code="a">Calderón Frapolli, Iris Lucía</subfield>
      <subfield code="e">author</subfield>
   </datafield>
   <datafield ind2=" " ind1=" " tag="720">
      <subfield code="a">Martínez Robles, Elena</subfield>
      <subfield code="e">author</subfield>
   </datafield>
   <datafield ind2=" " ind1=" " tag="260">
      <subfield code="c">2024-12-22</subfield>
   </datafield>
   <datafield ind2=" " ind1=" " tag="520">
      <subfield code="a">«Investigación e Innovación en Servicios Sociales» es una obra que reúne las ideas, experiencias y propuestas presentadas en el pasado Tecnosocial 2024. En este foro, entidades, empresas, profesionales, investigadores y estudiantes compartieron sus conocimientos y discutieron temas claves relacionados con la innovación y la tecnología en los servicios sociales.&#xd;
Este libro recoge una selección de las ponencias, comunicaciones y buenas prácticas presentadas durante el evento, ofreciendo una visión actualizada y multidisciplinar de la investigación e innovación en el ámbito de los servicios sociales. Entre sus páginas, los lectores podrán conocer experiencias y estudios de caso relacionados con la innovación social, la digitalización de servicios, la mejora de la calidad de vida de las personas más vulnerables y la colaboración entre distintos actores del sector social.</subfield>
   </datafield>
   <datafield ind1="8" ind2=" " tag="024">
      <subfield code="a">PLAN DE INVESTIGACIÓN E INNOVACIÓN EN SERVICIOS SOCIALES DE ANDALUCÍA. iNVESTIGACIÓN E INNOVACIÓN AL SERVICIO DE LAS PERSONAS.JOSÉ MANUEL RAMÍREZ NAVARRO, IRIS LUCIA CALDERÓN FRAPOLLI, ELENA MARTÍNEZ ROBLES. DEPÓSITO LEGAL: M-27334-2024 ISBN VERSIÓN IMPRESA: 978-84-10308-89-3 ISBN VERSION ELÉCTRONICA: 978-84-10308-90-9</subfield>
   </datafield>
   <datafield ind1="8" ind2=" " tag="024">
      <subfield code="a">978-84-10308-89-3</subfield>
   </datafield>
   <datafield ind1="8" ind2=" " tag="024">
      <subfield code="a">https://hdl.handle.net/10630/37376</subfield>
   </datafield>
   <datafield tag="653" ind2=" " ind1=" ">
      <subfield code="a">Trabajo social</subfield>
   </datafield>
   <datafield ind2="0" ind1="0" tag="245">
      <subfield code="a">Plan de Investigacion e Innovación en Servicios Sociales</subfield>
   </datafield>
</record>
</metadata></record></GetRecord></OAI-PMH>